Zomrel prof. Ing. dr. techn. Jozef Trokan

Bibliographic Details
Format: Article
Language:Slovak
ISSN:1210-0978
Subjects:

MARC

LEADER 00000nab a2200000 a 4500
001 vtls000812217
003 SK-MaSNL
005 20260304113944.0
008 250429c2002 xo 0 slo
015 |a SNBRB2002/11-34042 
035 |a CLN000163872 
035 |a urn:nbn:sk:snk-ab30zg 
035 |a (urnnbn)urn:nbn:sk:snk:ar-a04iqn 
035 |a (uuid)00cf4e84-6853-4b1d-bf09-05a96cdb12cc 
040 |a SNKBUCL  |b slo  |c SNKBUCL  |e AACR2 
041 0 |a slo 
044 |a xo  |c SK 
080 |a 624-051  |2 1997 
080 |a 37-051  |2 1997 
080 |a 929 Trokan, Jozef  |2 1997 
245 0 0 |a Zomrel prof. Ing. dr. techn. Jozef Trokan 
600 1 7 |a Trokan, Jozef,  |d 1919-2002  |2 snkbucl  |9 210677 
655 7 |a články z novín a časopisov  |2 snkbucl  |9 267496 
773 0 |t Horizonty dopravy  |g Roč. 10, č. 3 (2002), s. 38  |x 1210-0978 
850 |a Slovenská národná knižnica 
852 |a Slovenská národná knižnica 
954 |a odborná, vedecká literatúra pôvodná (slovenská)  |2 lita 
958 |a article27 
958 |a OND 
958 |a SK 
958 |a BX 
958 |a EUIPO 
992 |a RBX 
999 |c 2871344  |d 2873274